Le bijou néogothique parisien (notice n° 1605924)

détails MARC
000 -LEADER
fixed length control field 02115cam a2200169 4500500
005 - DATE AND TIME OF LATEST TRANSACTION
control field 20251228095228.0
041 ## - LANGUAGE CODE
Language code of text/sound track or separate title fre
042 ## - AUTHENTICATION CODE
Authentication code dc
100 10 - MAIN ENTRY--PERSONAL NAME
Personal name Viruega, Jacqueline
Relator term author
245 00 - TITLE STATEMENT
Title Le bijou néogothique parisien
260 ## - PUBLICATION, DISTRIBUTION, ETC.
Date of publication, distribution, etc. 2005.<br/>
500 ## - GENERAL NOTE
General note 86
520 ## - SUMMARY, ETC.
Summary, etc. RésuméLa bijouterie néogothique française apparaît vers 1820 sous l’influence romantique et connaît sa plus grande vogue sous la Monarchie de Juillet, puis un bref renouveau sous le Second Empire. Le bijou néogothique appartient à un courant stylistique majeur du xixe siècle, l’historicisme. Mis au goût du jour par les élites, il séduit ensuite la bourgeoisie, puis une clientèle plus large, grâce à une production en petite série. Son déclin, dans la décennie 1850, correspond à celui de la mode romantique. Le style néogothique est également desservi par une contradiction économique : éphémère comme toute mode, il a duré assez longtemps pour être largement plagié, donc affadi. Il est, de ce point de vue, représentatif de l’éclectisme, caractéristique de la bijouterie du xixe siècle.
520 ## - SUMMARY, ETC.
Summary, etc. The French neogothic jewellery appears around 1820 under the romantic influence and meets its greatest success under the Monarchy of July, followed by a brief revival during the Second Empire. The neogothic jewel belongs to a major stylistic trend in the 19 th century, historicism. Made fashionable by the elite, it then seduces the bourgeoisie, followed by a larger clientele, thanks to small mass production. Its decline, in the 1850’s, goes along with the romantic fashion. The neogothic style was also disadvantaged by an economical contradiction : although ephemeral like all fashions, it lasted long enough to be largely plagiarized, therefore made insipid. From this point of view, it is characteristic of the eclecticism of the jewellery of the19th century.
786 0# - DATA SOURCE ENTRY
Note Sociétés & Représentations | 20 | 2 | 2005-09-01 | p. 167-174 | 1262-2966
856 41 - ELECTRONIC LOCATION AND ACCESS
Uniform Resource Identifier <a href="https://shs.cairn.info/revue-societes-et-representations-2005-2-page-167?lang=fr&redirect-ssocas=7080">https://shs.cairn.info/revue-societes-et-representations-2005-2-page-167?lang=fr&redirect-ssocas=7080</a>

Pas d'exemplaire disponible.

PLUDOC

PLUDOC est la plateforme unique et centralisée de gestion des bibliothèques physiques et numériques de Guinée administré par le CEDUST. Elle est la plus grande base de données de ressources documentaires pour les Étudiants, Enseignants chercheurs et Chercheurs de Guinée.

Adresse

627 919 101/664 919 101

25 boulevard du commerce
Kaloum, Conakry, Guinée

Réseaux sociaux

Powered by Netsen Group @ 2025